Lord of the Rings Quotes: Book or Movie? - Statistics

General Stats
  • This quiz has been taken 146 times
  • The average score is 12 of 15
Answer Stats
Question Answer % Correct
I do not love the bright sword for its sharpness, nor the arrow for its swiftness, nor the warrior for his glory. I love only that which they defend. Book
94%
That still only counts as one. Movie
92%
The green earth, say you? That is a mighty matter of legend, though you tread it under the light of day. Book
88%
What does your heart tell you? Movie
88%
I was talking aloud to myself. A habit of the old: they choose the wisest person present to speak to. Book
80%
Let him not vow to walk in the dark, who has not seen the nightfall. Book
80%
I guess that concludes negotiations. Movie
78%
Look for your friends. But do not trust to hope. It has forsaken these lands. Movie
78%
I am Aragorn son of Arathorn, and am called Elessar the Elfstone, Dunadan. The heir of Isildur Elendil's son of Gondor. Here is the Sword that was Broken and is forged again! Will you aid me, or thwart me? Choose swiftly! Book
74%
Your time will come. You will face the same Evil, and you will defeat it. Movie
74%
If any mortals have claim to the Ring, it is the men of Numenor, and not Haflings. Book
70%
Do not meddle in the affairs of wizards, for they are subtle and quick to anger. Book
66%
Even the smallest person can change the course of the future. Movie
66%
Your friends are with you, Aragorn. Movie
64%
Do not trouble me with Faramir......I know his uses, and they are few. Movie
58%
No matching quizzes found
Score Distribution
Percent of People with Each Score
Percentile by Number Answered
Your Score History
You have not taken this quiz